| 000 | 00668nam a2200205Ia 4500 | ||
|---|---|---|---|
| 001 | 3340 | ||
| 003 | GE_BSU | ||
| 008 | 181216s||||||||xx |||||||||||||| ||und|| | ||
| 040 | _cGE_BSU | ||
| 080 | _a628.2 | ||
| 100 | _aКолобанов,С.К. Ершов,А.В. Кигель,М.Е. | ||
| 245 | _aПроектирование очистных сооружений канализации. | ||
| 245 | _cРед.К.В.Бергер. | ||
| 260 | _aКиев. | ||
| 260 | _bБудiвельник. | ||
| 260 | _c1977. | ||
| 300 | _a224 стр. 22см. | ||
| 653 | _aПроектирование очистных сооружений канализации. | ||
| 942 | _cBK | ||
| 999 |
_c37381 _d37381 |
||